Toutes les gares SNCF depuis Rennes - Statistiques

Statistiques générales
  • Ce quiz a été pris 220 fois
  • Le résultat moyen est 54 sur 120
Statistiques - réponses
Département/Province Gare % Correct
12 Loire-Atlantique Nantes
92%
9 Ille-et-Vilaine Saint-Malo
90%
10 Finistère Brest
89%
1 Sarthe Le Mans
89%
2 | 6 Sarthe Le Mans
89%
1 Mayenne Laval
88%
2 | 6 | 12 Mayenne Laval
88%
8 Morbihan Vannes
87%
8 Finistère Quimper
84%
8 Ille-et-Vilaine Redon
81%
8 Morbihan Lorient
80%
10 Côtes-d'Armor Saint-Brieuc
80%
7 Calvados Caen
79%
3 Nord Lille-Europe
78%
12 Maine-et-Loire Angers-Saint-Laud
76%
1 Ille-et-Vilaine Vitré
76%
12 Ille-et-Vilaine Vitré
76%
5 Bas-Rhin Strasbourg
75%
4 Bouches-du-Rhône Marseille-Saint-Charles
73%
6 Essonne Massy-Palaiseau
73%
2 | 3 | 4 | 5 Essonne Massy TGV
73%
3 Province de la Capitale Bruxelles-Midi / Brussel-Zuid
68%
1 Paris Paris-Montparnasse
68%
10 Finistère Morlaix
63%
10 Côtes-d'Armor Guingamp
60%
10 Côtes-d'Armor Lamballe
60%
6 Eure-et-Loir Chartres
59%
8 Ille-et-Vilaine Bruz
58%
8 Morbihan Auray
57%
4 Vaucluse Avignon TGV
57%
8 Finistère Quimperlé
57%
6 Yvelines Versailles-Chantiers
57%
4 Rhône Lyon-Part-Dieu
56%
7 | 9 Ille-et-Vilaine Dol-de-Bretagne
56%
3 | 5 Seine-et-Marne Marne-la-vallée-Chessy TGV
56%
10 Finistère Landerneau
55%
10 Côtes-d'Armor Lannion
54%
3 | 5 Seine-et-Marne Aéroport Charles-de-Gaulle 2 TGV
53%
4 Bouches-du-Rhône Aix-en-Provence TGV
52%
1 Ille-et-Vilaine Cesson-Sévigné
52%
4 Rhône Lyon-Perrache
49%
6 Paris Paris-Austerlitz
49%
7 Manche Avranches
48%
7 | 9 Ille-et-Vilaine Pontchaillou
47%
7 Manche Saint-Lô
47%
8 Morbihan Hennebont
45%
5 Moselle Lorraine TGV
45%
3 Somme TGV Haute-Picardie
44%
10 Finistère Landivisiau
43%
5 Meuse Meuse TGV
43%
8 Finistère Rosporden
43%
12 Sarthe Sablé-sur-Sarthe
43%
8 Ille-et-Vilaine Saint-Jacques-de-la-Lande
40%
7 Manche Granville
39%
8 Morbihan Questembert
39%
7 Calvados Bayeux
38%
5 Marne Champagne-Ardennes TGV
37%
1 Ille-et-Vilaine Châteaubourg
37%
9 Ille-et-Vilaine Combourg
37%
11 Loire-Atlantique Châteaubriand
36%
9 Ille-et-Vilaine Betton
36%
1 Ille-et-Vilaine Noyal-Acigné
36%
10 Côtes-d'Armor Plouaret-Trégor
36%
12 Loire-Atlantique Ancenis
35%
11 Ille-et-Vilaine La Poterie
34%
7 Manche Pontorson-Mont-Saint-Michel
34%
9 Ille-et-Vilaine La Gouesnière-Cancale-Saint-Méloir-des-Ondes
33%
10 Ille-et-Vilaine Montauban-de-Bretagne
33%
9 Ille-et-Vilaine Montreuil-sur-Ille
31%
11 Ille-et-Vilaine Janzé
31%
10 Côtes-d'Armor Broons
30%
7 Manche Coutances
30%
8 Ille-et-Vilaine Guichen / Bourg-des-Comptes B.V.
30%
8 Ille-et-Vilaine Messac-Guipry
29%
11 Ille-et-Vilaine Vern
28%
10 Ille-et-Vilaine L'Hermitage-Mordelles
27%
10 Ille-et-Vilaine Montfort-sur-Meu
27%
1 Ille-et-Vilaine Servon
27%
8 Ille-et-Vilaine Ker Lann
25%
10 Ille-et-Vilaine La Brohinière
23%
8 Ille-et-Vilaine Laillé
23%
7 Calvados Lison
23%
9 Ille-et-Vilaine Saint-Médard-sur-Ille
23%
10 Côtes-d'Armor Caulnes
22%
11 Ille-et-Vilaine Retiers
21%
11 Ille-et-Vilaine Corps-Nuds
20%
1 Ille-et-Vilaine Les Lacs
20%
9 Ille-et-Vilaine Saint-Germain-sur-Ille
20%
9 Ille-et-Vilaine Chevaigné
18%
10 Ille-et-Vilaine Quédillac
18%
1 Mayenne Evron
17%
11 Ille-et-Vilaine Martigné-Ferchaud
17%
7 Manche Folligny
16%
11 Ille-et-Vilaine Le-Theil-de-Bretagne
16%
8 Ille-et-Vilaine Pléchâtel
16%
8 Loire-Atlantique Beslé
14%
8 Morbihan Malansac
14%
1 Mayenne Saint-Pierre-la-Cour
14%
10 Ille-et-Vilaine Breteil
13%
8 Loire-Atlantique Massérac
13%
10 Côtes-d'Armor Plestan
13%
11 Ille-et-Vilaine Saint-Armel
13%
8 Ille-et-Vilaine Saint-Senoux-Pléchâtel
13%
1 Sarthe Sillé-le-Guillaume
13%
8 Ille-et-Vilaine Fougeray-Langon
11%
1 Mayenne Port-Brillet
11%
1 Mayenne Le Genest
10%
1 Mayenne Montsûrs
10%
10 Côtes-d'Armor Plénée-Jugon
10%
10 Côtes-d'Armor Yffignac
8%
Aucun quiz correspondant
Distribution des résultats
% des personnes avec chaque résultat
Percentile par nombre de réponses
Votre historique - résultats
Vous n’avez pas pris ce quiz